| 000 | 00529nam a22001577a 4500 | ||
|---|---|---|---|
| 999 |
_c18910 _d18910 |
||
| 008 | 210426b xxu||||| |||| 00| 0 eng d | ||
| 020 | _a1349494545 | ||
| 050 |
_aBV4597.53 _b.R67 2015 c.1 |
||
| 100 | _aRoberts, Gary E. | ||
| 245 |
_aChristian scripture and human resource management _bbuilding a path to servant leadership through faith _cGary E. Roberts |
||
| 260 |
_aNew York _bPalgrave _c2015 |
||
| 300 | _a253p. | ||
| 650 |
_aServant leadership _vreligious aspects |
||
| 650 | _aPersonnel management | ||
| 942 |
_2lcc _cBK |
||